Statistics for MLB Pipeline's Top 20 Prospects

Click here to take the quiz!

General Stats

  • This quiz has been taken 55 times
    (35 since last reset)
  • The average score is 11 of 20

Answer Stats

RankPosition/TeamName% Correct
8RHP/DodgersBobby Miller
81%
1SS/OriolesJackson Holliday
77%
7OF/RangersEvan Carter
73%
5OF/NationalsJames Wood
73%
2SS/3B/RedsElly De La Cruz
69%
6SS/DiamondbacksJordan Lawlar
65%
15OF/DiamondbacksDruw Jones
62%
11SS/PadresJackson Merrill
62%
17SS/GiantsMarco Luciano
62%
3OF/BrewersJackson Chourio
54%
13LHP/GiantsKyle Harrison
54%
18SS/3B/RedsNoelvi Marte
54%
10RHP/PhilliesAndrew Painter
50%
20SS/TwinsBrooks Lee
46%
163B/2B/RaysJunior Caminero
42%
14OF/OriolesColton Cowser
38%
12RHP/GuardiansGavin Williams
38%
19OF/BrewersSal Frelick
38%
4SS/Red SoxMarcelo Mayer
35%
9OF/CubsPete Crow-Armstong
27%

Score Distribution

Percentile by Number Answered

Percent of People with Each Score

Your Score History

You have not taken this quiz since the last reset